[Event "RUS-ch"]
[Site "Krasnodar"]
[Date "2002.08.29"]
[Round "3"]
[White "Kharlov, Andrei"]
[Black "Yemelin, Vasily"]
[Result "1/2-1/2"]
[WhiteElo "2609"]
[BlackElo "2534"]
[PlyCount "66"]
[EventDate "2002.08.27"]
[EventType "swiss"]
[EventRounds "9"]
[EventCountry "RUS"]
[SourceTitle "CBM 091"]
[Source "ChessBase"]
[SourceDate "2002.11.12"]
[SourceVersion "1"]
[SourceVersionDate "2002.11.12"]
[SourceQuality "1"]

1. c4 c5 2. Nf3 Nc6 3. Nc3 Nd4 4. Ng1 Nc6 5. e3 e5 6. Nf3 Nf6 7. d4 cxd4 8.
exd4 e4 9. Ne5 Bb4 10. Be2 Qa5 11. Nxc6 dxc6 12. Bd2 O-O 13. O-O Re8 14. a3
Bxc3 15. Bxc3 Qg5 16. Bd2 Qg6 17. Bf4 Bh3 18. Bg3 Bg4 19. Bxg4 Nxg4 20. Qb3 b6
21. Rfe1 Nh6 22. d5 Nf5 23. Rad1 e3 24. fxe3 Nxg3 25. hxg3 Qxg3 26. dxc6 Rac8
27. c5 Rxc6 28. Rf1 Qc7 29. cxb6 Rxb6 30. Qa4 Qe7 31. Rf2 Rb7 32. Qd4 h6 33.
Rf3 Qe6 1/2-1/2

[Event "RUS-ch"]
[Site "Krasnodar"]
[Date "2002.08.31"]
[Round "5"]
[White "Kharlov, Andrei"]
[Black "Grigoriants, Sergey"]
[Result "1/2-1/2"]
[WhiteElo "2609"]
[BlackElo "2490"]
[PlyCount "121"]
[EventDate "2002.08.27"]
[EventType "swiss"]
[EventRounds "9"]
[EventCountry "RUS"]
[SourceTitle "CBM 091"]
[Source "ChessBase"]
[SourceDate "2002.11.12"]
[SourceVersion "1"]
[SourceVersionDate "2002.11.12"]
[SourceQuality "1"]

1. c4 e6 2. Nc3 d5 3. d4 Be7 4. Nf3 Nf6 5. cxd5 exd5 6. Bg5 O-O 7. e3 Nbd7 8.
Bd3 Re8 9. O-O c6 10. Qc2 Nf8 11. Rae1 Be6 12. Nd2 N6d7 13. Bxe7 Qxe7 14. a3
Qd6 15. b4 a5 16. bxa5 Rxa5 17. a4 Nf6 18. Rb1 Re7 19. Qb2 Ra8 20. Qb4 Ne8 21.
Rfc1 Bc8 22. Ne2 Qd8 23. Ra1 Re6 24. a5 Rh6 25. Ng3 Nc7 26. Nb3 Qh4 27. h3 Ne8
28. Nd2 Qf6 29. Ra3 Ng6 30. Bxg6 Rxg6 31. a6 bxa6 32. Nf3 Qd6 33. Qxd6 Rxd6 34.
Ne5 f6 35. Nxc6 Be6 36. Ne2 Kf7 37. Nf4 Rc8 38. Nxe6 Kxe6 39. Rxa6 f5 40. Rc5
Nf6 41. Nb4 Rxc5 42. dxc5 Rxa6 43. Nxa6 Kd7 44. Nb4 Ne4 45. c6+ Kd6 46. f3 Nc3
47. Kf2 Nb5 48. Kg3 Kc5 49. Nc2 Kxc6 50. Kf4 Kc5 51. Kxf5 Kc4 52. Kf4 Kc3 53.
Na1 d4 54. exd4 Nxd4 55. Ke5 Ne2 56. f4 Ng3 57. f5 Kb2 58. f6 gxf6+ 59. Kxf6
Kxa1 60. Kg7 Nh5+ 61. Kxh7 1/2-1/2

[Event "RUS-ch"]
[Site "Krasnodar"]
[Date "2002.09.01"]
[Round "6"]
[White "Skatchkov, Pavel"]
[Black "Kharlov, Andrei"]
[Result "0-1"]
[WhiteElo "2485"]
[BlackElo "2609"]
[PlyCount "100"]
[EventDate "2002.08.27"]
[EventType "swiss"]
[EventRounds "9"]
[EventCountry "RUS"]
[SourceTitle "CBM 091"]
[Source "ChessBase"]
[SourceDate "2002.11.12"]
[SourceVersion "1"]
[SourceVersionDate "2002.11.12"]
[SourceQuality "1"]

1. d4 d5 2. c4 dxc4 3. Nf3 c6 4. Nc3 b5 5. e3 Bb7 6. a4 a6 7. Be2 e6 8. O-O Nd7
9. e4 Ngf6 10. Qc2 h6 11. Rd1 Be7 12. e5 Nd5 13. Qe4 Qb6 14. Qg4 g6 15. Ne4 c5
16. axb5 axb5 17. Rxa8+ Bxa8 18. dxc5 Bxc5 19. Nxc5 Nxc5 20. Nd4 Kf8 21. h4 Qb8
22. Qg3 Nd7 23. Nxe6+ fxe6 24. Qxg6 Qxe5 25. Bxh6+ Ke7 26. Bg5+ Kd6 27. Bg4 Rf8
28. h5 Nc5 29. Bh4 Nd3 30. h6 N5f4 31. Qh7 Qd5 32. Qe7+ Kc6 33. f3 Qd4+ 34. Kh2
Rh8 35. h7 Qd6 36. Qa7 Bb7 37. Bf2 Nd5+ 38. Bg3 Rxh7+ 39. Bh3 e5 40. Ra1 N3f4
41. Bxf4 exf4 42. Rd1 Qg6 43. Qd4 Rxh3+ 44. gxh3 Qg3+ 45. Kh1 Qxh3+ 46. Kg1
Qg3+ 47. Kh1 Qh3+ 48. Kg1 Qg3+ 49. Kf1 Qxf3+ 50. Kg1 Qe3+ 0-1

[Event "RUS-ch"]
[Site "Krasnodar"]
[Date "2002.09.02"]
[Round "7"]
[White "Kharlov, Andrei"]
[Black "Rustemov, Alexander"]
[Result "1/2-1/2"]
[WhiteElo "2609"]
[BlackElo "2589"]
[PlyCount "37"]
[EventDate "2002.08.27"]
[EventType "swiss"]
[EventRounds "9"]
[EventCountry "RUS"]
[SourceTitle "CBM 091"]
[Source "ChessBase"]
[SourceDate "2002.11.12"]
[SourceVersion "1"]
[SourceVersionDate "2002.11.12"]
[SourceQuality "1"]

1. e4 e6 2. d4 d5 3. Nd2 c5 4. exd5 Qxd5 5. Ngf3 cxd4 6. Bc4 Qd6 7. O-O Nf6 8.
Re1 Nc6 9. Ne4 Qd8 10. Bb5 Bd7 11. Bg5 Be7 12. Bxf6 Bxf6 13. Nd6+ Ke7 14. Ne4
Qb6 15. Nxf6 gxf6 16. Bxc6 Bxc6 17. Nxd4 Rad8 18. Nxc6+ Qxc6 19. Qe2 1/2-1/2

[Event "RUS-ch"]
[Site "Krasnodar"]
[Date "2002.09.03"]
[Round "8"]
[White "Smirnov, Pavel"]
[Black "Kharlov, Andrei"]
[Result "1/2-1/2"]
[WhiteElo "2539"]
[BlackElo "2609"]
[Annotator "Wedberg"]
[PlyCount "107"]
[EventDate "2002.08.27"]
[EventType "swiss"]
[EventRounds "9"]
[EventCountry "RUS"]
[SourceTitle "CBM 091"]
[Source "ChessBase"]
[SourceDate "2002.11.12"]
[SourceVersion "1"]
[SourceVersionDate "2002.11.12"]
[SourceQuality "1"]

{This is an excellent fighting game.} 1. e4 e5 2. Nf3 Nc6 3. Bb5 Nf6 4. O-O
Nxe4 5. d4 Nd6 6. Bxc6 dxc6 7. dxe5 Nf5 8. Qxd8+ Kxd8 9. Nc3 a5 10. h3 a4 {
Logical expansion - the threat is a3 which will be unpleasant whatever White
decides to do about it.} (10... h6 11. a3 Be6 12. Rd1+ Kc8 13. g4 Ne7 14. Nd4
Bd7 $13 {1/2-1/2 Lutz,C-Aleksandrov,A/Saint Vincent 2000/CBM 78 (54). (53)})
11. a3 Be6 {One should always be wary of putting the B on e6. The exchange
Ng5xe6 can be unpleasant.} (11... h6 {is often useful.}) 12. Bf4 (12. Ng5 Bc4 {
is OK for Black.}) 12... Ke8 13. Rad1 Bc5 {Black makes plausible moves, but he
seems to be lacking a plan here.} 14. Rfe1 Ne7 15. Ne4 Bb6 16. Nfg5 $1 h6 (
16... Bd5 17. Nf6+ $1 $16) 17. Nxe6 fxe6 18. g4 $14 {White´s main trump is his
P majority on the K side. Black has no real chances for active play but has to
roll with the punches instead.} Rf8 19. Bg3 c5 20. Kg2 c4 21. c3 Ba7 22. h4 Nd5
{An excellent post for the N.} 23. h5 Kd7 24. Nd2 $1 {[%cal Yd2f3,Yf3h4,Yh4g6]
[%mdl 2048] Well played, White is increasing the pressure.} b5 25. Nf3 Kc6 26.
Nh4 Rfd8 27. Ng6 Bc5 {The Q side is not as dead as it looks. At some point
Black can initiate serious counterplay by sacrificing on a3 or c3.} 28. Bh4 Rd7
29. Kg3 Re8 30. f4 Rf7 31. Kf3 Ref8 $132 32. f5 $1 (32. Nxf8 Rxf4+ 33. Kg3 Bf2+
34. Kh3 Rxf8 35. Bxf2 Rxf2 $44) 32... Re8 (32... exf5 $2 33. Rxd5 $1 Kxd5 (
33... fxg4+ 34. Ke4 $18) 34. e6 fxg4+ 35. Kxg4 Rf1 36. Re5+ Kc6 37. Rxc5+ Kxc5
38. Nxf8 Rxf8 39. Be7+ $18) 33. Ke4 Bxa3 $5 {[%mdl 256] In the nick of time
Black plays his counter trump.} (33... Rd7 34. Nf4 Nxf4 35. Rxd7 Kxd7 36. Kxf4
{[%cal Yf5f6,Yg4g5] and White is close to winning.}) 34. fxe6 $6 (34. bxa3 $5
Nxc3+ 35. Kf4 Nxd1 36. Rxd1 b4 37. axb4 Kb5 38. Be1 a3 {Highly unclear, but
probably good for White.}) 34... Rxe6 35. Rxd5 Bxb2 $132 {The a-P is ready for
a walk.} 36. Bg3 a3 (36... Bxc3 $5) 37. Nf4 Re8 38. Kd4 Rxf4+ 39. Bxf4 a2 $6 (
39... Bxc3+ $5 40. Kxc3 Kxd5 $44) 40. e6 a1=Q 41. Rxa1 Bxa1 42. Rc5+ Kb6 43.
Bxc7+ Ka6 44. Rc6+ Kb7 45. Kc5 {White is on top again.} Bxc3 46. Kxb5 Bf6 47.
Bd6 Rxe6 48. Rb6+ Ka8 $1 (48... Kc8 $2 49. Kc6 Rxd6+ 50. Kxd6 c3 51. Rb4 $3 {
Beautiful zugzwang!}) 49. Kc6 Rxd6+ 50. Kxd6 c3 51. Rb5 Ka7 52. Kc7 (52. Kc6
Ka6 53. Rb4 Ka7 $11 (53... Ka5 $4 54. Rc4 $22 $18)) 52... Ka6 53. Rc5 Bd4 54.
Rc4 (54. Rc4 Kb5 $1 55. Rxd4 c2 56. Rd5+ Kb4 57. Rd4+ Kb3 58. Rd3+ Kb4 $11)
1/2-1/2

[Event "RUS-ch"]
[Site "Krasnodar"]
[Date "2002.09.04"]
[Round "9"]
[White "Kharlov, Andrei"]
[Black "Korotylev, Alexey"]
[Result "1/2-1/2"]
[WhiteElo "2609"]
[BlackElo "2558"]
[PlyCount "111"]
[EventDate "2002.08.27"]
[EventType "swiss"]
[EventRounds "9"]
[EventCountry "RUS"]
[SourceTitle "CBM 091"]
[Source "ChessBase"]
[SourceDate "2002.11.12"]
[SourceVersion "1"]
[SourceVersionDate "2002.11.12"]
[SourceQuality "1"]

1. c4 e5 2. Nc3 Nf6 3. Nf3 Nc6 4. e3 Bb4 5. Qc2 O-O 6. Nd5 Re8 7. Qf5 d6 8.
Nxf6+ gxf6 9. Qc2 e4 10. Ng1 d5 11. a3 Bf8 12. cxd5 Qxd5 13. Ne2 f5 14. Nc3 Qd8
15. d4 exd3 16. Qxd3 Be6 17. Qxd8 Rexd8 18. Bb5 Na5 19. Ke2 Nb3 20. Rb1 c5 21.
Rd1 Rxd1 22. Kxd1 a6 23. Ba4 Rd8+ 24. Ke1 Nxc1 25. Rxc1 b5 26. Bd1 Bg7 27. Bc2
Kf8 28. Rd1 Ke7 29. Rxd8 Kxd8 30. Kd2 Ke7 31. Kc1 Be5 32. Ne2 h6 33. f4 Bc7 34.
Ng3 Kf6 35. Nh5+ Ke7 36. Ng7 c4 37. Nxf5+ Bxf5 38. Bxf5 Bb6 39. Kd2 Kd6 40. Bg4
Kc5 41. Bh5 f6 42. Bd1 Ba5+ 43. Ke2 Bb6 44. g4 b4 45. axb4+ Kxb4 46. h4 a5 47.
Kf3 c3 48. bxc3+ Kxc3 49. g5 fxg5 50. hxg5 hxg5 51. fxg5 Bd8 52. g6 Bf6 53. Ke4
Kc4 54. Bc2 Bg7 55. Kf5 Kd5 56. Bb3+ 1/2-1/2

[Event "EU-Cup 18th"]
[Site "Kallithea"]
[Date "2002.09.23"]
[Round "2.4"]
[White "Kharlov, Andrei"]
[Black "Sands, David"]
[Result "1-0"]
[WhiteElo "2609"]
[BlackElo "2246"]
[Annotator "Krasenkow,M"]
[PlyCount "60"]
[EventDate "2002.09.22"]
[EventType "team-swiss"]
[EventRounds "7"]
[EventCountry "GRE"]
[SourceTitle "CBM 092"]
[Source "ChessBase"]
[SourceDate "2003.02.06"]
[SourceVersion "1"]
[SourceVersionDate "2003.02.06"]
[SourceQuality "1"]
[WhiteTeam "Kazan Ladya"]
[BlackTeam "Barbican"]
[WhiteTeamCountry "RUS"]
[BlackTeamCountry "ENG"]

1. d4 Nf6 2. c4 g6 3. Nc3 d5 4. cxd5 Nxd5 5. e4 Nxc3 6. bxc3 Bg7 7. Bc4 O-O 8.
Ne2 c5 9. O-O Nc6 10. Be3 Bg4 11. f3 Na5 12. Bd3 cxd4 13. cxd4 Be6 14. d5 Bxa1
15. Qxa1 f6 16. Bh6 Re8 17. Kh1 Rc8 18. Nf4 Bd7 19. e5 Nc4 20. e6 Ba4 21. Nxg6
hxg6 22. Bxg6 Ne5 23. Be4 Bc2 24. Bxc2 Rxc2 25. Qd1 {This whole line was
examined in detail in CBM90, annotations to Kharlov-Mamedyarov. The general
evaluation is: White's attack is sufficient for a draw but hardly more.} Rc5 $2
{This is wrong as Black has not enough time to capture the d5 pawn. Such sharp
positions require extreme precision from both players!} (25... Qc7 $142 26. f4
Kh7 $1 {-see CBM90}) 26. f4 (26. Qe1 $2 {doesn't work in view of} Ng6 27. Qg3
Kh7 28. Qh3 Rxd5) 26... Qxd5 $6 {Losing on the spot. However, Black's position
was hopeless anyway:} (26... Rxd5 27. Qh5 {[%cal Rf4e5]} Kh7 $3 {was the only
chance to fight on:} 28. fxe5 Rxe5 29. Bg5+ Kg8 30. Qg6+ Kh8 {and now White
wins in a remarkable way:} {[%tqu "En","How can White complete his attack?","",
"","g5d2","",100]} 31. Bd2 $3 {[%cal Rf1f3]} Rc5 (31... Qc8 32. Bc3 $3 {
[%cal Rf1f3,Rf1f4,Rc3e5]}) 32. h3 $3 $18 {as Black has no defense against
Rf4-h4.}) 27. Qh5 Qxe6 ({Or} 27... Rc2 28. Rg1 $1 Qxe6 29. Qxe8+ Kh7 30. Qf8 $1
Qg4 31. fxe5 Rxg2 32. Qxe7+ Kxh6 33. Qxf6+ Kh7 34. Qf7+ Kh6 35. Rxg2 $18) 28.
Qxe8+ Kh7 29. fxe5 Kxh6 30. exf6 Qxf6 1-0

[Event "EU-Cup 18th"]
[Site "Kallithea"]
[Date "2002.09.24"]
[Round "3.4"]
[White "Kosic, Dragan"]
[Black "Kharlov, Andrei"]
[Result "0-1"]
[WhiteElo "2542"]
[BlackElo "2609"]
[Annotator "Huzman"]
[PlyCount "42"]
[EventDate "2002.09.22"]
[EventType "team-swiss"]
[EventRounds "7"]
[EventCountry "GRE"]
[SourceTitle "CBM 092"]
[Source "ChessBase"]
[SourceDate "2003.02.06"]
[SourceVersion "1"]
[SourceVersionDate "2003.02.06"]
[SourceQuality "1"]
[WhiteTeam "Sarajevo Napredak"]
[BlackTeam "Kazan Ladya"]
[WhiteTeamCountry "BIH"]
[BlackTeamCountry "RUS"]

1. d4 d5 2. Nf3 Nf6 3. c4 dxc4 4. e3 e6 5. Bxc4 c5 6. O-O a6 7. a4 Nc6 8. Qe2
cxd4 9. Rd1 Be7 10. exd4 O-O 11. Nc3 Nd5 12. Bd3 Ncb4 13. Bb1 b6 14. Qe4 g6 15.
Bh6 Re8 16. Ne5 (16. Qe2 Bb7 17. Be4 Nxc3 18. bxc3 Bxe4 19. Qxe4 Qd5 {1/2-1/2
Gheorghiu,F-Suetin,A/Budapest 1970/MCD (19)}) 16... Bg5 (16... Bb7 17. Qf3 f5
18. Ne2 (18. Qe2 Rc8 19. Ra3 Nxc3 20. Rxc3 Qd5 21. f3 Bf6 22. Bf4 a5 23. Kh1
Ba6 24. Qf2 Qb7 25. Qg3 Nd5 $11 {1/2-1/2 Panchenko,A-Sadler,M/Hastings 1990/
CBM 21 ext (41)}) (18. Qh3 Bg5 19. Ne2 Rc8 20. Ra3 Nc6 21. Rg3 {1/2-1/2
Kalinitschew,S-Twardon,M/Katowice 1990/EXT 97 (38)} (21. Nf7 $1 $16)) (18. Qg3
Bh4 19. Qh3 Rf8 20. Ra3 Bf6 21. Re1 a5 22. Nb5 Ba6 23. Qg3 Bh4 24. Qb3 Bf6 25.
Qd1 {1/2-1/2 Nikolic,P-Petrosian,T/Vrsac 1981/MCD (25)}) 18... Rc8 19. Re1 Bg5
20. Qh3 Qe7 21. Ra3 Nc2 22. Rg3 Bxh6 23. Bxc2 Bg7 24. Bb3 Bxe5 25. dxe5 Qb4 $17
{0-1 Hammar,B-Ernst,T/Karlskrona 1983/MCD (44)}) (16... Bf8 17. Bxf8 (17. Qf3
Qf6 18. Qxf6 Nxf6 19. Bxf8 Rxf8 20. Be4 Ra7 21. Bf3 Bb7 $11 {1/2-1/2 Schroer,
J-Renna,T/New York 1984/MCD (28)}) 17... Rxf8 18. Nxd5 exd5 19. Qf4 Ra7 20. Ra3
Bd7 21. h4 $36 {1-0 Lerner,K-Lehmann,H/Kiev 1978/EXT 2000 (29)}) 17. Qf3 Ra7
18. Bxg5 Qxg5 19. Be4 (19. Ne4 $5 Qe7 20. a5 $1 b5 (20... bxa5 21. Rxa5 Rc7 22.
Rc5 $14) 21. Nc5 Rc7 22. Be4 Bb7 23. Rac1 $36) 19... Rc7 20. Rac1 Rf8 21. Nxd5
$4 {[%mdl 8192]} (21. Ne2 Rxc1 22. Rxc1 Bb7 $11) 21... Rxc1 0-1

[Event "EU-Cup 18th"]
[Site "Kallithea"]
[Date "2002.09.25"]
[Round "4.4"]
[White "Kharlov, Andrei"]
[Black "Palac, Mladen"]
[Result "1/2-1/2"]
[WhiteElo "2609"]
[BlackElo "2564"]
[PlyCount "67"]
[EventDate "2002.09.22"]
[EventType "team-swiss"]
[EventRounds "7"]
[EventCountry "GRE"]
[SourceTitle "CBM 092"]
[Source "ChessBase"]
[SourceDate "2003.02.06"]
[SourceVersion "1"]
[SourceVersionDate "2003.02.06"]
[SourceQuality "1"]
[WhiteTeam "Kazan Ladya"]
[BlackTeam "Kiseljak"]
[WhiteTeamCountry "RUS"]
[BlackTeamCountry "BIH"]

1. c4 Nf6 2. Nc3 e5 3. Nf3 Nc6 4. g3 d5 5. cxd5 Nxd5 6. Bg2 Nb6 7. O-O Be7 8.
a3 O-O 9. b4 Be6 10. Rb1 f6 11. d3 Nd4 12. Nd2 c6 13. e3 Nb5 14. Nxb5 cxb5 15.
Nb3 Na4 16. Bb2 Bd5 17. Na5 Nxb2 18. Rxb2 Bxg2 19. Kxg2 Qd5+ 20. Qf3 Qxf3+ 21.
Kxf3 Rac8 22. Nxb7 Rc3 23. Rd1 Rxa3 24. d4 exd4 25. Rxd4 Rc8 26. Nd6 Bxd6 27.
Rxd6 Rc7 28. Rd8+ Kf7 29. Rb8 a6 30. g4 Ra4 31. Rb6 Re7 32. Rd2 Rxb4 33. Ra2 h5
34. gxh5 1/2-1/2

[Event "EU-Cup 18th"]
[Site "Kallithea"]
[Date "2002.09.26"]
[Round "5.4"]
[White "Kharlov, Andrei"]
[Black "Kobalia, Mikhail"]
[Result "0-1"]
[WhiteElo "2609"]
[BlackElo "2625"]
[PlyCount "108"]
[EventDate "2002.09.22"]
[EventType "team-swiss"]
[EventRounds "7"]
[EventCountry "GRE"]
[SourceTitle "CBM 092"]
[Source "ChessBase"]
[SourceDate "2003.02.06"]
[SourceVersion "1"]
[SourceVersionDate "2003.02.06"]
[SourceQuality "1"]
[WhiteTeam "Kazan Ladya"]
[BlackTeam "Tomsk 400"]
[WhiteTeamCountry "RUS"]
[BlackTeamCountry "RUS"]

1. e4 e5 2. Nf3 Nc6 3. Bb5 g6 4. c3 a6 5. Ba4 d6 6. d4 Bd7 7. O-O Bg7 8. d5 Nb8
9. Bc2 Nf6 10. c4 O-O 11. Nc3 a5 12. h3 Na6 13. Be3 Nh5 14. a3 Nf4 15. Rb1 g5
16. Ne2 b5 17. cxb5 Bxb5 18. Ng3 Bxf1 19. Qxf1 Nb8 20. Ba4 h6 21. Nd2 Ng6 22.
Nf5 Ne7 23. Nxe7+ Qxe7 24. Rc1 Rc8 25. Rc2 g4 26. hxg4 Bf6 27. Nc4 Rd8 28. Bxh6
Bg5 29. Bxg5 Qxg5 30. Qe1 Nd7 31. Bc6 Rab8 32. Bxd7 Rxd7 33. Nxa5 Qxg4 34. Rc3
Kf8 35. Rg3 Qf4 36. Rf3 Qg5 37. b4 f6 38. Qe3 Qxe3 39. Rxe3 Rh7 40. Rc3 Ke8 41.
Rf3 Kf7 42. Rc3 Ke8 43. Rf3 Rh4 44. Rxf6 Rxe4 45. Nc6 Rb5 46. Re6+ Kf8 47. Re7
Rxd5 48. Rxc7 Re2 49. a4 Rdd2 50. a5 Rxf2 51. Kh2 Ra2 52. b5 Rxg2+ 53. Kh3 Rgb2
54. b6 Ra4 0-1

[Event "EU-Cup 18th"]
[Site "Kallithea"]
[Date "2002.09.27"]
[Round "6.4"]
[White "Bacrot, Etienne"]
[Black "Kharlov, Andrei"]
[Result "1/2-1/2"]
[WhiteElo "2653"]
[BlackElo "2609"]
[Annotator "Huzman"]
[PlyCount "41"]
[EventDate "2002.09.22"]
[EventType "team-swiss"]
[EventRounds "7"]
[EventCountry "GRE"]
[SourceTitle "CBM 092"]
[Source "ChessBase"]
[SourceDate "2003.02.06"]
[SourceVersion "1"]
[SourceVersionDate "2003.02.06"]
[SourceQuality "1"]
[WhiteTeam "Paris NAO"]
[BlackTeam "Kazan Ladya"]
[WhiteTeamCountry "FRA"]
[BlackTeamCountry "RUS"]

1. d4 d5 2. c4 dxc4 3. e4 Nc6 4. Nf3 Bg4 5. d5 Ne5 6. Bf4 Ng6 7. Be3 Nf6 8. Nc3
e5 9. Bxc4 a6 10. h3 (10. Be2 Bd6 11. O-O O-O 12. Nd2 Bd7 (12... Bxe2 13. Qxe2
Nd7 14. Nb3 Qe7 15. Rac1 Rfc8 16. Rc2 Nf4 17. Qd2 a5 18. g3 Nh5 19. Nb5 Nhf6
20. f3 $16 {1-0 Podgaets,M-Raetsky,A/Biel 1997/CBM 60 ext (68)}) 13. Nc4 Bb4
14. Bg5 h6 15. Bxf6 Qxf6 16. Ne3 Bc5 17. Bg4 Bxg4 18. Qxg4 Ne7 19. Rac1 Bxe3 {
1/2-1/2 Browne,W-Baburin,A/San Francisco 2002/(19)}) 10... Bd7 11. h4 (11. O-O
Bd6 12. Nd2 O-O 13. Re1 Ne8 14. Bf1 Be7 15. Nc4 Nd6 16. Nxd6 Bxd6 17. Rc1 Qh4
18. g3 Qe7 19. Bg2 h6 20. Nb1 f5 21. exf5 Bxf5 22. Nd2 Qd7 23. Qh5 Ne7 24. Ne4
Bg6 25. Qg4 Bf5 26. Qh5 Bg6 {1/2-1/2 Razuvaev,Y-Ibragimov,I/Dortmund 1992/TD 
(26)}) (11. a4 Bb4 12. Qd3 O-O 13. O-O Qe7 14. Ne2 c6 15. Bg5 h6 16. d6 Qd8 17.
Bd2 Qa5 18. Bxb4 Qxb4 19. a5 Rad8 20. Rfd1 Bc8 21. Ng3 Nf4 22. Qc2 Rxd6 23.
Nxe5 Be6 24. Bxe6 Nxe6 25. Nd3 Qb5 26. e5 $16 {0-1 Kratochwil,C-Narciso Dublan,
M/Brno 1995/EXT 99/[Bulletin] (53)}) 11... Bg4 (11... h5 12. Ng5 Bd6 13. f3 Qe7
14. Qe2 (14. g3 Nh7 15. Qd2 Nxg5 16. Bxg5 f6 17. Be3 Bc5 18. Rc1 O-O-O 19. a3
Kb8 20. Na2 Bxe3 21. Qxe3 Qd6 22. Rh2 f5 $17 {0-1 Hillarp Persson,T-De la
Villa Garcia,J/Benasque 1995/EXT 97 (35)}) 14... O-O 15. Bb3 Bc5 16. Rc1 Rac8
17. g3 c6 18. dxc6 Rxc6 19. O-O Rc7 20. Kh2 Nh8 21. Qf2 Rfc8 22. Rc2 Be8 23.
Rfc1 Bxe3 24. Qxe3 $14 {1/2-1/2 Varga,Z-Magem Badals,J/Debrecen 1992/EU-chT 
(54)}) 12. Be2 Bd6 13. Nd2 {[%cal Gd2c4]} Bxe2 14. Qxe2 O-O 15. O-O-O Qd7 16.
h5 (16. Bg5 $5 Nf4 (16... Ng4 17. f3 f6 18. h5 Ne7 19. Bh4 Nh6 20. Bf2 $14 {
[%cal Gd2c4]}) 17. Qf3 Ng4 18. g3 Nh5 19. Nc4 f5 $132) 16... Nf4 17. Bxf4 (17.
Qf3 Ng4 18. Nc4 f5 $132) 17... exf4 18. Nc4 (18. e5 Rfe8 19. Nc4 b5 $17) (18.
h6 $142 g6 19. Nc4) 18... b5 19. Nxd6 cxd6 20. Qd3 {[%cal Gc3e2,Ge2d4,Gd4c6]}
h6 $6 (20... Ng4 $1 21. h6 (21. Qh3 f5 $1 $17) (21. Qd4 Rfc8 $36 {[%cal Yc8c4]}
) 21... Nxh6 22. Rh4 f5 $1 23. Rxf4 b4 24. Ne2 Qa4 $36) 21. f3 {[%csl Rf4]}
1/2-1/2